Club de Football par palmarès #1 - Statistiques

Statistiques générales
  • Ce quiz a été pris 770 fois
  • Le résultat moyen est 4 sur 10
Statistiques - réponses
Ligue des champions Ligue Europa Championnat Coupe Nationale Club % Correct
5 5 26 50 FC Barcelone
92%
6 1 32 26 Bayern Munich
58%
0 0 7 6 Olympique Lyonnais
40%
4 1 36 20 Ajax Amsterdam
32%
3 1 20 38 Manchester United
31%
2 2 30 41 Fc Porto
30%
2 3 36 14 Juventus Turin
28%
2 2 6 17 Chelsea
24%
3 3 19 8 Inter Milan
24%
0 3 11 10 Atletico Madrid
20%
Aucun quiz correspondant
Distribution des résultats
% des personnes avec chaque résultat
Percentile par nombre de réponses
Votre historique - résultats
Vous n’avez pas pris ce quiz